000 00939nac a22003137a 4500
001 BR8600251
003 BR-BrBNA
005 20240105120351.0
008 230509b bl.|||m| |||| 00| 0 por d
040 _aBR-BrBNA
_bpor
_cBiblioteca Nacional de Agricultura
072 _aF01
090 _aF01 BR8600251
100 1 _aGroppo, G.A.
100 1 _aTessarioli Neto, J.
100 1 _aPagotto, J.M.
100 1 _aTucci, M.L.S.
110 1 _aCoordenadoria de Assistencia Tecnica Integral, Campinas, SP (Brasil)
245 1 _aHortas
246 1 _a[Kitchen gardens]
260 3 _aCampinas, SP (Brasil):
_c1985.
300 _a28 p.
490 _aInstrucoes Praticas - Coordenadoria de Assistencia Tecnica Integral (Brazil)
_vno. 230
_xISSN 0100-5111
500 _a10 illus.
650 _aHORTA
650 _aHORTALICA
650 _aPRATICA CULTURAL
909 _a202312
_bLúcia Elande
_c55
_dLúcia Elande
942 _2AGRIS
_n0
_cMS
999 _c279102
_d279102